|
|
|
|
| LEADER |
00000cam a2200000 7i4500 |
| 001 |
0000000172 |
| 005 |
20000712.0 |
| 020 |
0 |
0 |
|a 9679471675
|
| 090 |
0 |
0 |
|a 333.715009595
|b SHA 1993
|
| 100 |
0 |
0 |
|a SHAM Sani
|
| 245 |
1 |
0 |
|a Environment and development in Malaysia :
|b Changing concerns and approaches
|c Sham Sani
|
| 260 |
0 |
0 |
|a Kuala Lumpur :
|b ISIS ,
|c 1993
|
| 300 |
|
|
|a 138 p. :
|b ill., maps ;
|c 23 cm.
|
| 500 |
0 |
0 |
|a Bibliography: [p. 129-138]
|
| 650 |
0 |
0 |
|a Environmental policy
|z Malaysia
|
| 650 |
0 |
0 |
|a Urban ecology
|z Malaysia
|
| 651 |
0 |
0 |
|a Malaysia
|x Industries
|x Environmental aspects
|
| 999 |
|
|
|a 0000001274
|b Monograph
|c Open Shelf
|e Default branch
|